00641nam a22001937a 450000500170000001000150001702000120003203500140004403700090005808200080006724500540007525000060012926000460013527000470018130000210022894200220024999900190027195201570029020250128110711.0 aENG-143613 c1000.00 aEN-127145 bDBAD a523 aIndian Meteorites/cBy Geological Survey of India a1 aKolkatabGeological Survey of Indiac2014 a27, Jawaharlal Nehru RoadbKolkatae700016 a72p. c22cm (hb) 2ddccENh523mIND c208827d208827 001040718REFaDBADbDBADd2025-01-28eDelivery of Books Act Divisiong1000.00l0o523 INDpEN-127145r2025-01-28 00:00:00t1v1000.00w2025-01-28yEN